000 00304nam a22001217a 4500
003 OSt
008 250127b |||||||| |||| 00| 0 eng d
041 _aeng
100 _aISI
_97009
245 _aSpecification for Puddler Animal Drawn IS:3369
260 _bIndian Standard Institution,
_c1973.
942 _cBK
999 _c19148
_d19148